01053nam a2200157 a 4500008004100000020001800041041000800059100001600067245006500083250005000148260004000198300002200238500011000260505051000370655001500880180918t2015 sp |||g||||| 001 1 spa d a9789876129879 aspa1 aHaston, Meg aPaper weigt.b¿Cuál es el peso de la culpa? /cMeg Haston a1a ed.bTraducción Belén Sánchez Parodi aBuenos Aires:bV&R editoras;c2015. a336 p.c21x14 cm. aHaston, M. (2015). Paper weight. ¿Cuál es el peso de la culpa?. (1a ed.). Buenos Aires : V&R editoras. a¿Cuál es el precio de enfrentar el pasado?. Stevie está atrapada: en su vida, en su cuerpo. Y ahora, en un centro de rehabilitación para jóvenes con problemas alimenticios. Pero lo que es aún peor, está atrapada en el pasado. A 27 días de que se cumpla un año de la muerte de su hermano, todo en su vida parece empeorar. Pero, tal vez, en 27 días pueda solucionar las cosas. Tal vez, en 27 días pueda quitarse ese gran peso que la acompaña a todas partes y así terminar con todo.  aLiteratura